Statistiken für Bochum - Quiz

Klicken Sie hier um das Quiz zu spielen!

Allgemein

  • Dieses Quiz wurde 44 mal gespielt
  • Das Durchschnittsergebnis liegt bei 13 aus 20

Antwortstatistiken

HinweisAntwort% Korrekt
Ballungsraum, in dem Bochum liegtRuhrgebiet
98%
Benachbarte kreisfreie StädteDortmund
95%
Benachbarte kreisfreie StädteEssen
93%
Einer der erfolgreichsten deutschen Musiker, der in Bochum aufgewachsen istHerbert Grönemeyer
88%
Größter FußballvereinVfL Bochum
88%
Benachbarte kreisfreie StädteGelsenkirchen
86%
UniversitätRuhr-Universität Bochum
71%
Das längste am selben Standort laufende Musical der WeltStarlight Express
71%
Stadtbezirk, der bis 1975 eine eigenständige kreisfreie Stadt warWattenscheid
71%
Benachbarte kreisfreie StädteHerne
69%
Areal in der Bochumer Innenstadt mit einer hohen Dichte von gastronomischen BetriebenBermuda3eck
67%
Erfundener Geheimagent, der für den MI6 arbeitet und in dem oben gesuchten Stadtbezirk geboren wurdeJames Bond
57%
Immobilienkonzern mit Sitz in Bochum, das die Namensrechte am Stadion des Fußballvereins hatVonovia
57%
Eines der am meisten besuchten Museen Deutschlands, das zugleich Forschungsinstitut für für Montanarchäologie und Archäometrie istDeutsches Bergbau-Museum
55%
Benachbarte KreiseKreis Recklinghausen
52%
Eines der am meisten besuchten Sternentheater in EuropaPlanetarium Bochum
48%
In Bochum gebürtiger Comedian, der unter anderem für die Serie mit seinem Nachnamen als Titel bekannt istBastian Pastewka
40%
Benachbarte KreiseEnnepe-Ruhr-Kreis
38%
Mineralölunternehmen mit Sitz in BochumAral
33%
Bürohochhaus im Zentrum Bochums, das als eines der Wahrzeichen der Stadt gilt (siehe Foto)Exzenterhaus
12%

Verteilung der Resultate

Perzentil nach korrekt beantworteten Fragen

Anzahl Personen mit jedem Resultat

Ihre Resultats-Entwicklung

Sie haben dieses Quiz noch nicht gespielt